[Event "27. ekipno prvenstvo RH"]
[Site "Biograd na Moru"]
[Date "2018.09.15"]
[Round "8.43"]
[White "Muse, Drazen"]
[Black "Stevic, Hrvoje"]
[Result "0-1"]
[WhiteElo "2352"]
[BlackElo "2579"]
[PlyCount "94"]
[EventDate "2018.??.??"]
[WhiteTeam "ŠK Vukovar '91, Vukovar"]
[BlackTeam "ŠK Zagreb, Zagreb"]

1. d4 Nf6 2. Nf3 g6 3. Bg5 Bg7 4. e3 O-O 5. Be2 d6 6. c4 c5 7. Nc3 h6 8. Bh4
cxd4 9. exd4 Nh5 10. Qd2 g5 11. Nxg5 hxg5 12. Bxg5 Nf6 13. h4 Nh7 14. O-O-O Nc6
15. d5 Ne5 16. f4 Ng4 17. Bd3 f5 18. Rde1 Rf7 19. Re2 Bd7 20. Rhe1 Nxg5 21.
hxg5 Rc8 22. Kb1 a6 23. g3 b5 24. g6 Rf6 25. cxb5 Rxg6 26. bxa6 Qb6 27. Nd1 Bf6
28. Ka1 Rc7 29. Nc3 Kf7 30. Re6 Nh6 31. Rxf6+ Rxf6 32. Qe2 Be8 33. Bb5 Ng4 34.
Bxe8+ Kxe8 35. Qb5+ Qxb5 36. Nxb5 Rc8 37. b4 Kd7 38. Nd4 Nf2 39. b5 Nd3 40. Rb1
Nc5 41. Nc6 Rff8 42. Re1 Rfe8 43. a7 Kc7 44. Nd4 Kb7 45. Re3 Kxa7 46. Nxf5 Kb6
47. Nd4 Na4 0-1

[Event "27. ekipno prvenstvo RH"]
[Site "Biograd na Moru"]
[Date "2018.09.15"]
[Round "8.44"]
[White "Kozul, Zdenko"]
[Black "Cosic, Marin"]
[Result "1-0"]
[WhiteElo "2600"]
[BlackElo "2227"]
[PlyCount "75"]
[EventDate "2018.??.??"]
[WhiteTeam "ŠK Zagreb, Zagreb"]
[BlackTeam "ŠK Vukovar '91, Vukovar"]

1. d4 d5 2. c4 c6 3. Nc3 Nf6 4. Nf3 g6 5. cxd5 cxd5 6. Bg5 Ne4 7. Bh4 Nc6 8. e3
Bg7 9. Bb5 Nxc3 10. bxc3 Qa5 11. Qb3 Bd7 12. O-O e6 13. a4 O-O 14. Rfb1 Qc7 15.
Bg3 Qc8 16. a5 Re8 17. Bf1 Nd8 18. Ne5 Bc6 19. Rc1 f6 20. Nxc6 bxc6 21. Rab1
Bf8 22. c4 dxc4 23. Qxc4 Qd7 24. e4 Bd6 25. e5 Be7 26. exf6 Bxf6 27. Rd1 Be7
28. Bf4 Bd6 29. Be3 Qc7 30. g3 Qxa5 31. Ra1 Qc7 32. Ra6 Qd7 33. Qa2 Rc8 34.
Rxa7 Rc7 35. Ra6 Be7 36. h4 Bf6 37. Bh3 c5 38. d5 1-0

[Event "27. ekipno prvenstvo RH"]
[Site "Biograd na Moru"]
[Date "2018.09.15"]
[Round "8.45"]
[White "Zivkovic, Nikola"]
[Black "Jankovic, Alojzije"]
[Result "0-1"]
[WhiteElo "2144"]
[BlackElo "2558"]
[PlyCount "22"]
[EventDate "2018.??.??"]
[WhiteTeam "ŠK Vukovar '91, Vukovar"]
[BlackTeam "ŠK Zagreb, Zagreb"]

1. e4 c5 2. Nf3 Nc6 3. d4 cxd4 4. Nxd4 Nf6 5. Nc3 d6 6. Bc4 g6 7. f3 Qb6 8.
Nxc6 bxc6 9. Qd3 Nd7 10. Qe3 Bg7 11. O-O Bd4 0-1

[Event "27. ekipno prvenstvo RH"]
[Site "Biograd na Moru"]
[Date "2018.09.15"]
[Round "8.46"]
[White "Zelcic, Robert"]
[Black "Raguz, Darko"]
[Result "1-0"]
[WhiteElo "2520"]
[BlackElo "2076"]
[PlyCount "131"]
[EventDate "2018.??.??"]
[WhiteTeam "ŠK Zagreb, Zagreb"]
[BlackTeam "ŠK Vukovar '91, Vukovar"]

1. e4 e5 2. Nf3 Nf6 3. d4 exd4 4. e5 Ne4 5. Qxd4 d5 6. exd6 Nxd6 7. Nc3 Nc6 8.
Qf4 Nf5 9. Bb5 Bd6 10. Qe4+ Qe7 11. Bg5 Qxe4+ 12. Nxe4 Bd7 13. O-O-O h6 14.
Rhe1 O-O 15. Nxd6 Nxd6 16. Bxc6 Bxc6 17. Be7 Bxf3 18. gxf3 Rfe8 19. Bxd6 cxd6
20. Rxe8+ Rxe8 21. Rxd6 Re2 22. Rd2 Re1+ 23. Rd1 Re2 24. Rf1 Re5 25. Kd2 Rh5
26. Rh1 Rh4 27. Ke3 g5 28. b3 Kf8 29. c3 Ke7 30. h3 f6 31. Ke2 Rf4 32. Re1 Kf7
33. Rd1 Rh4 34. Kf1 Rxh3 35. Kg2 g4 36. fxg4 Rxc3 37. Rd7+ Kg6 38. Rxb7 a5 39.
Ra7 Rc5 40. Kg3 h5 41. gxh5+ Rxh5 42. a4 Rc5 43. Rb7 Rg5+ 44. Kf4 Rf5+ 45. Ke3
Re5+ 46. Kd3 Rf5 47. Ke2 Re5+ 48. Kf1 Rc5 49. Rb5 Rc3 50. Ke2 f5 51. f4 Rh3 52.
Kd2 Rf3 53. Kc2 Rxf4 54. Rxa5 Rd4 55. Ra8 Kg7 56. Rc8 Rd5 57. b4 f4 58. Rc4 Rf5
59. Kd2 f3 60. Ke1 f2+ 61. Kf1 Rf3 62. a5 Kf6 63. a6 Ra3 64. b5 Ra2 65. Rb4 Ke5
66. b6 1-0

[Event "27. ekipno prvenstvo RH"]
[Site "Biograd na Moru"]
[Date "2018.09.15"]
[Round "8.51"]
[White "Abasov, Nijat"]
[Black "Inarkiev, Ernesto"]
[Result "1/2-1/2"]
[WhiteElo "2632"]
[BlackElo "2679"]
[PlyCount "94"]
[EventDate "2018.??.??"]
[WhiteTeam "ŠK Dubrovnik, Dubrovnik"]
[BlackTeam "ŠK Petar Sedlar - Pepe, Kaštel Novi"]

1. d4 d5 2. Nf3 Nf6 3. c4 c6 4. cxd5 cxd5 5. Nc3 Nc6 6. Bf4 Bf5 7. Rc1 Rc8 8.
e3 a6 9. Be2 e6 10. O-O Nd7 11. Na4 Be7 12. Nc5 Nxc5 13. dxc5 O-O 14. Qd2 Bf6
15. Nd4 Bg6 16. Bd6 Be7 17. Bg3 Bh4 18. b4 Bxg3 19. hxg3 Qd7 20. Rfd1 Rfd8 21.
Qb2 f6 22. Qb3 Bf7 23. a4 Ne7 24. b5 e5 25. Nf3 axb5 26. axb5 Ng6 27. Qb4 Nf8
28. Nd2 Qe7 29. b6 Nd7 30. Nb3 Nb8 31. Bb5 Be8 32. Be2 Nc6 33. Qc3 Kh8 34. Bf3
Bf7 35. Na5 Nxa5 36. Qxa5 g6 37. Rd2 Kg7 38. Bg4 Ra8 39. Qb4 Be8 40. Bf3 Bc6
41. Bd1 h5 42. Bb3 Rd7 43. Rcd1 Rad8 44. Kh2 Kh6 45. Bc2 Kg7 46. Bb3 Kh6 47.
Bc2 Kg7 1/2-1/2

[Event "27. ekipno prvenstvo RH"]
[Site "Biograd na Moru"]
[Date "2018.09.15"]
[Round "8.52"]
[White "Romanov, Evgeny"]
[Black "Bogut, Zeljko"]
[Result "1-0"]
[WhiteElo "2611"]
[BlackElo "2415"]
[PlyCount "65"]
[EventDate "2018.??.??"]
[WhiteTeam "ŠK Petar Sedlar - Pepe, Kaštel Novi"]
[BlackTeam "ŠK Dubrovnik, Dubrovnik"]

1. d4 c5 2. d5 e5 3. e4 d6 4. Bb5+ Nd7 5. a4 Be7 6. Nf3 Ngf6 7. Nc3 O-O 8. O-O
a6 9. Bd3 Rb8 10. Nd2 Ne8 11. Nc4 Bg5 12. a5 Bxc1 13. Qxc1 b5 14. axb6 Nxb6 15.
Na5 Ra8 16. f4 Qc7 17. f5 f6 18. b3 g5 19. Qe3 Bd7 20. Qd2 Ng7 21. Ra2 Rfb8 22.
Rfa1 Qc8 23. Nc6 Bxc6 24. dxc6 Qxc6 25. Nd5 Kf8 26. Nxf6 c4 27. Nxh7+ Kg8 28.
Nf6+ Kf7 29. Qxg5 cxd3 30. Qg6+ Kf8 31. Nh7+ Kg8 32. f6 Rb7 33. Ng5 1-0

[Event "27. ekipno prvenstvo RH"]
[Site "Biograd na Moru"]
[Date "2018.09.15"]
[Round "8.53"]
[White "Galic, Ivan"]
[Black "Lalic, Bogdan"]
[Result "1/2-1/2"]
[WhiteElo "2416"]
[BlackElo "2403"]
[PlyCount "32"]
[EventDate "2018.??.??"]
[WhiteTeam "ŠK Dubrovnik, Dubrovnik"]
[BlackTeam "ŠK Petar Sedlar - Pepe, Kaštel Novi"]

1. d4 Nf6 2. Bg5 d5 3. Bxf6 exf6 4. e3 Bd6 5. g3 c6 6. Bg2 Nd7 7. Ne2 f5 8. Nd2
Nf6 9. c4 dxc4 10. Nxc4 Bc7 11. Qc2 O-O 12. O-O h5 13. b4 h4 14. a4 a6 15. Rfd1
hxg3 16. hxg3 Be6 1/2-1/2

[Event "27. ekipno prvenstvo RH"]
[Site "Biograd na Moru"]
[Date "2018.09.15"]
[Round "8.54"]
[White "Plenkovic, Zdenko"]
[Black "Bender, Ivan"]
[Result "1-0"]
[WhiteElo "2418"]
[BlackElo "2261"]
[PlyCount "89"]
[EventDate "2018.??.??"]
[WhiteTeam "ŠK Petar Sedlar - Pepe, Kaštel Novi"]
[BlackTeam "ŠK Dubrovnik, Dubrovnik"]

1. e4 e5 2. Nf3 Nc6 3. d3 Nf6 4. Be2 Be7 5. O-O O-O 6. c3 Re8 7. b4 a6 8. Nbd2
Bf8 9. Re1 d5 10. a3 Bg4 11. Bb2 Qd7 12. h3 Bh5 13. Qc2 h6 14. Nf1 g5 15. N3h2
Bg6 16. Ng4 Bg7 17. Ng3 Nh7 18. Ne3 Ne7 19. Bg4 Qc6 20. Bf3 d4 21. Nc4 b5 22.
Na5 Qb6 23. cxd4 exd4 24. Rac1 Be5 25. Nf5 h5 26. Nxe7+ Rxe7 27. Nc6 Ree8 28.
Nxe5 Rxe5 29. Qxc7 Qxc7 30. Rxc7 Ree8 31. Rec1 Nf8 32. Bxd4 Ne6 33. Rd7 Nxd4
34. Rxd4 Rac8 35. Rxc8 Rxc8 36. Rd6 Rc1+ 37. Kh2 Rc3 38. Rxa6 Rxd3 39. Be2 Rd2
40. Bxb5 Bxe4 41. Bc6 Bxc6 42. Rxc6 Rxf2 43. b5 Rb2 44. b6 Kf8 45. a4 1-0

[Event "27. ekipno prvenstvo RH"]
[Site "Biograd na Moru"]
[Date "2018.09.15"]
[Round "8.56"]
[White "Sale, Srdjan"]
[Black "Separovic, Tomislav"]
[Result "1-0"]
[WhiteElo "2428"]
[BlackElo "2153"]
[PlyCount "81"]
[EventDate "2018.??.??"]
[WhiteTeam "ŠK Petar Sedlar - Pepe, Kaštel Novi"]
[BlackTeam "ŠK Dubrovnik, Dubrovnik"]

1. e4 d5 2. exd5 Qxd5 3. Nc3 Qd6 4. d4 Nf6 5. Bc4 a6 6. Nf3 b5 7. Bd3 Bb7 8.
O-O e6 9. Qe2 Nbd7 10. a4 b4 11. Ne4 Nxe4 12. Bxe4 Bxe4 13. Qxe4 c6 14. Bf4 Qd5
15. Qd3 Bd6 16. Bxd6 Qxd6 17. Rfe1 O-O 18. Ng5 Nf6 19. Re5 Rfd8 20. Nf3 a5 21.
Qc4 Nd7 22. Rh5 Rdc8 23. Qd3 h6 24. Rd1 c5 25. Qe2 Qb6 26. h3 Nf6 27. Rxc5 Rxc5
28. dxc5 Qxc5 29. Ne5 Rc8 30. Rd2 Nd5 31. g3 Rc7 32. Qe4 Rc8 33. Kg2 Qc7 34.
Kh2 Nf6 35. Qe2 Nd5 36. Nf3 Qc6 37. Nd4 Qc7 38. Nxe6 Qc6 39. Nd4 Qf6 40. Qb5
Qd6 41. Nf5 1-0

[Event "27. ekipno prvenstvo RH"]
[Site "Biograd na Moru"]
[Date "2018.09.16"]
[Round "9.11"]
[White "Inarkiev, Ernesto"]
[Black "Ponkratov, Pavel"]
[Result "1/2-1/2"]
[WhiteElo "2679"]
[BlackElo "2622"]
[PlyCount "96"]
[EventDate "2018.??.??"]
[WhiteTeam "ŠK Petar Sedlar - Pepe, Kaštel Novi"]
[BlackTeam "GŠK Solin-Cemex, Solin"]

1. d4 Nf6 2. c4 g6 3. Nf3 Bg7 4. g3 O-O 5. Bg2 c6 6. O-O d5 7. Qb3 a5 8. cxd5
a4 9. Qd1 cxd5 10. Nc3 Qa5 11. Bd2 Qa6 12. b3 axb3 13. axb3 Qxa1 14. Qxa1 Rxa1
15. Rxa1 Nc6 16. e3 Bf5 17. Ne5 Nxe5 18. dxe5 Ne4 19. Nxe4 dxe4 20. Bc3 h5 21.
h3 Rd8 22. b4 Rd3 23. Rc1 b5 24. Rc2 Rd1+ 25. Kh2 Rd5 26. g4 hxg4 27. hxg4 Bxg4
28. Bxe4 Bxe5+ 29. Kg2 Bxc3 30. Bxd5 Bxb4 31. Rb2 Bd6 32. Rxb5 Kg7 33. f4 f5
34. Ra5 Kf6 35. Ra8 Bh5 36. Rf8+ Kg7 37. Rc8 Kf6 38. Kf2 Bb4 39. Kg3 Be1+ 40.
Kh3 Bg4+ 41. Kg2 Bb4 42. Kf2 Bh5 43. Rf8+ Kg7 44. Rb8 Bc5 45. Rc8 Bb4 46. Kg3
Be1+ 47. Kg2 Bb4 48. Kf2 Kf6 1/2-1/2

[Event "27. ekipno prvenstvo RH"]
[Site "Biograd na Moru"]
[Date "2018.09.16"]
[Round "9.12"]
[White "Predke, Alexandr"]
[Black "Romanov, Evgeny"]
[Result "1-0"]
[WhiteElo "2612"]
[BlackElo "2611"]
[PlyCount "115"]
[EventDate "2018.??.??"]
[WhiteTeam "GŠK Solin-Cemex, Solin"]
[BlackTeam "ŠK Petar Sedlar - Pepe, Kaštel Novi"]

1. d4 d5 2. c4 e6 3. Nf3 Nf6 4. Bg5 Be7 5. e3 Nbd7 6. Nc3 h6 7. Bh4 O-O 8. Rc1
b6 9. cxd5 exd5 10. Be2 Bb7 11. O-O Re8 12. Bg3 a6 13. Qb3 Rc8 14. Ne5 Bd6 15.
Bxa6 Bxa6 16. Nc6 Bxf1 17. Rxf1 Bxg3 18. Nxd8 Bxf2+ 19. Rxf2 Rcxd8 20. Nxd5
Nxd5 21. Qxd5 Nf6 22. Qc6 Nd5 23. Rf3 Re6 24. Qc2 c6 25. e4 Ne7 26. Qf2 f6 27.
Qe3 b5 28. Qb3 Rdd6 29. Re3 Kf7 30. Qc3 f5 31. exf5 Nxf5 32. Rxe6 Kxe6 33. Qe1+
Kd7 34. Qf2 Ke6 35. Qe2+ Kd7 36. Qf3 g6 37. g4 Ne7 38. Qa3 g5 39. Qa7+ Kd8 40.
b3 Nd5 41. a4 bxa4 42. bxa4 Nc7 43. Qb8+ Kd7 44. Qh8 Na6 45. Qg7+ Kc8 46. Qe5
Kd7 47. Qf5+ Kc7 48. Qa5+ Kb7 49. Qe5 Kc7 50. Kg2 Nb8 51. Qa5+ Kb7 52. Qb4+ Kc7
53. a5 Rd5 54. Qb6+ Kc8 55. a6 Rb5 56. Qa7 Nd7 57. Qa8+ Kc7 58. Qh8 1-0

[Event "27. ekipno prvenstvo RH"]
[Site "Biograd na Moru"]
[Date "2018.09.16"]
[Round "9.13"]
[White "Lalic, Bogdan"]
[Black "Martinovic, Sasa"]
[Result "1/2-1/2"]
[WhiteElo "2403"]
[BlackElo "2567"]
[PlyCount "48"]
[EventDate "2018.??.??"]
[WhiteTeam "ŠK Petar Sedlar - Pepe, Kaštel Novi"]
[BlackTeam "GŠK Solin-Cemex, Solin"]

1. d4 Nf6 2. c4 e6 3. Nf3 d5 4. Nc3 Nbd7 5. cxd5 exd5 6. Bg5 c6 7. e3 Be7 8.
Qc2 Nh5 9. Bxe7 Qxe7 10. O-O-O Nb6 11. h3 Nf6 12. Bd3 Be6 13. Kb1 O-O-O 14. Ne5
Nfd7 15. f4 g6 16. g4 Nxe5 17. dxe5 Kb8 18. Qh2 Ka8 19. Qg3 f5 20. gxf5 gxf5
21. Rhg1 Rhg8 22. Qf2 Nd7 23. Rxg8 Rxg8 24. Ne2 c5 1/2-1/2

[Event "27. ekipno prvenstvo RH"]
[Site "Biograd na Moru"]
[Date "2018.09.16"]
[Round "9.14"]
[White "Cvitan, Ognjen"]
[Black "Plenkovic, Zdenko"]
[Result "1-0"]
[WhiteElo "2489"]
[BlackElo "2418"]
[PlyCount "61"]
[EventDate "2018.??.??"]
[WhiteTeam "GŠK Solin-Cemex, Solin"]
[BlackTeam "ŠK Petar Sedlar - Pepe, Kaštel Novi"]

1. d4 Nf6 2. Nf3 g6 3. c4 Bg7 4. Nc3 O-O 5. e4 d6 6. Be2 e5 7. O-O exd4 8. Nxd4
Re8 9. f3 Nc6 10. Be3 Nh5 11. f4 Nf6 12. Bf3 Bg4 13. Nxc6 Bxf3 14. Qxf3 bxc6
15. Rae1 Qc8 16. Bd4 Qe6 17. b3 Nd7 18. Bxg7 Kxg7 19. Qf2 Kg8 20. Qg3 Qe7 21.
Kh1 f6 22. Qf3 Qe6 23. h3 Re7 24. Re2 a5 25. Rfe1 g5 26. Nd5 Nb6 27. Nxe7+ Qxe7
28. e5 fxe5 29. fxe5 d5 30. Rf2 a4 31. Qf6 1-0

[Event "27. ekipno prvenstvo RH"]
[Site "Biograd na Moru"]
[Date "2018.09.16"]
[Round "9.15"]
[White "Loncar, Robert"]
[Black "Kurajica, Bojan"]
[Result "1/2-1/2"]
[WhiteElo "2409"]
[BlackElo "2526"]
[PlyCount "140"]
[EventDate "2018.??.??"]
[WhiteTeam "ŠK Petar Sedlar - Pepe, Kaštel Novi"]
[BlackTeam "GŠK Solin-Cemex, Solin"]

1. d4 Nf6 2. c4 e6 3. Nc3 Bb4 4. Nf3 d6 5. Qc2 Nbd7 6. g3 c5 7. Bg2 cxd4 8.
Nxd4 Qc7 9. O-O O-O 10. b3 a6 11. Bb2 Bc5 12. Qd2 Ne5 13. Rfd1 Bd7 14. e3 Rac8
15. Rac1 Qb8 16. Ne4 Nxe4 17. Bxe4 f5 18. Bg2 Rf7 19. Rc2 Ng4 20. Nf3 h6 21.
Rcc1 Rc6 22. Ne1 Rc8 23. b4 Bb6 24. Qxd6 Bc7 25. Qd3 Ba4 26. Rd2 Rd8 27. Qe2
Rxd2 28. Qxd2 Rd7 29. Qe2 Qd8 30. Nf3 Bd1 31. Qe1 Bxf3 32. Bxf3 Ne5 33. Bxe5
Bxe5 34. c5 Kh7 35. h4 g5 36. hxg5 hxg5 37. g4 Kg7 38. Qf1 Rc7 39. Qg2 Qe7 40.
Rd1 Kf6 41. Qh3 Qh7 42. Qxh7 Rxh7 43. a4 fxg4 44. Bxg4 Rh4 45. f3 Rh7 46. a5
Rc7 47. Rd3 Ke7 48. Kf1 Rd7 49. Ke2 Rxd3 50. Kxd3 Kd7 51. Bh3 Bg3 52. Kc4 Bf2
53. e4 Be1 54. Bf1 e5 55. Bd3 Kc7 56. Bc2 Bd2 57. Bd3 Be1 58. b5 axb5+ 59. Kxb5
Bf2 60. Bc4 Be3 61. Bd5 Bf2 62. c6 bxc6+ 63. Bxc6 Kb8 64. Kc4 Ka7 65. Kd5 Bg3
66. Bb5 Bf4 67. Ke6 Kb7 68. a6+ Ka7 69. Kf6 Kb6 70. Kf5 Ka7 1/2-1/2

[Event "27. ekipno prvenstvo RH"]
[Site "Biograd na Moru"]
[Date "2018.09.16"]
[Round "9.16"]
[White "Rogic, Davor"]
[Black "Sale, Srdjan"]
[Result "1-0"]
[WhiteElo "2519"]
[BlackElo "2428"]
[PlyCount "73"]
[EventDate "2018.??.??"]
[WhiteTeam "GŠK Solin-Cemex, Solin"]
[BlackTeam "ŠK Petar Sedlar - Pepe, Kaštel Novi"]

1. e4 c5 2. Nf3 Nc6 3. d4 cxd4 4. Nxd4 Qb6 5. Nb3 Nf6 6. Bd3 e6 7. O-O d6 8. c4
Ne5 9. Nc3 Nxd3 10. Qxd3 Bd7 11. Bf4 h6 12. Rfd1 e5 13. Be3 Qc7 14. Rac1 a6 15.
c5 dxc5 16. Nxc5 Bxc5 17. Bxc5 Qxc5 18. Nd5 Bb5 19. Rxc5 Bxd3 20. Nc7+ Ke7 21.
Nxa8 Nxe4 22. Rc7+ Ke6 23. Rxd3 Rxa8 24. Rxb7 Rc8 25. Rb6+ Ke7 26. Rd1 Rc2 27.
Re1 f6 28. f4 f5 29. fxe5 h5 30. h4 a5 31. Rf1 Ng3 32. Rf3 f4 33. Kh2 Nf5 34.
Rc3 Re2 35. Rc7+ Kd8 36. Rf7 Ne7 37. Rb8+ 1-0

[Event "27. ekipno prvenstvo RH"]
[Site "Biograd na Moru"]
[Date "2018.09.16"]
[Round "9.21"]
[White "Malakhov, Vladimir"]
[Black "Abasov, Nijat"]
[Result "1-0"]
[WhiteElo "2666"]
[BlackElo "2632"]
[PlyCount "81"]
[EventDate "2018.??.??"]
[WhiteTeam "ŠK Zagreb, Zagreb"]
[BlackTeam "ŠK Dubrovnik, Dubrovnik"]

1. Nf3 c5 2. c4 Nc6 3. d4 cxd4 4. Nxd4 Nf6 5. Nc3 e6 6. a3 Bc5 7. Nb3 Bb6 8. c5
Bc7 9. g3 O-O 10. Bg2 b6 11. O-O Be5 12. Be3 Rb8 13. Rc1 Ng4 14. Bd2 bxc5 15.
Nxc5 Rxb2 16. Nd3 Bxc3 17. Bxc3 Rb6 18. Qa4 Nf6 19. Rfd1 Ra6 20. Qc2 Rb6 21.
Nb4 Bb7 22. Bxc6 Bxc6 23. Bd4 Rxb4 24. axb4 a6 25. Qb2 Bb5 26. e4 Re8 27. f3
Qe7 28. Rc5 d6 29. Bxf6 gxf6 30. Rcc1 Rd8 31. Kg2 Kg7 32. Qc3 Rd7 33. Rd4 Qd8
34. Qd2 e5 35. Rd5 Ba4 36. g4 h6 37. Rc3 Bb5 38. f4 exf4 39. Qxf4 Rc7 40. Rh5
Kf8 41. Rxh6 1-0

[Event "27. ekipno prvenstvo RH"]
[Site "Biograd na Moru"]
[Date "2018.09.16"]
[Round "9.22"]
[White "Bogut, Zeljko"]
[Black "Korobov, Anton"]
[Result "0-1"]
[WhiteElo "2415"]
[BlackElo "2685"]
[PlyCount "100"]
[EventDate "2018.??.??"]
[WhiteTeam "ŠK Dubrovnik, Dubrovnik"]
[BlackTeam "ŠK Zagreb, Zagreb"]

1. e4 c5 2. Nf3 d6 3. d4 cxd4 4. Qxd4 Nf6 5. Nc3 Nc6 6. Bb5 Bd7 7. Bxc6 Bxc6 8.
Bg5 e6 9. O-O-O Be7 10. Rhe1 O-O 11. Qd2 Rc8 12. Nd4 h6 13. Bh4 Qa5 14. Kb1 Qh5
15. Bg3 Rfd8 16. f3 Be8 17. Bf4 d5 18. g4 Qg6 19. e5 Nd7 20. Bg3 Nb6 21. Qd3
Qxd3 22. cxd3 Bb4 23. Bh4 g5 24. Bf2 Bxc3 25. bxc3 Rxc3 26. h4 Kg7 27. hxg5
hxg5 28. Be3 Kg6 29. Rh1 Nc4 30. Bxg5 Kxg5 31. Rh5+ Kg6 32. dxc4 dxc4 33. f4 f6
34. Rdh1 Rxd4 35. f5+ exf5 36. gxf5+ Kg7 37. Rg1+ Kf8 38. Rh8+ Ke7 39. Rg7+ Kd8
40. Rxb7 Re3 41. Rb8+ Kc7 42. Rhxe8 fxe5 43. f6 Rf4 44. Rbc8+ Kb6 45. Re6+ Kb5
46. Kc2 Rf2+ 47. Kd1 Rfe2 48. Rxe5+ Rxe5 49. f7 Re1+ 50. Kd2 R5e2+ 0-1

[Event "27. ekipno prvenstvo RH"]
[Site "Biograd na Moru"]
[Date "2018.09.16"]
[Round "9.23"]
[White "Stevic, Hrvoje"]
[Black "Galic, Ivan"]
[Result "1/2-1/2"]
[WhiteElo "2579"]
[BlackElo "2416"]
[PlyCount "104"]
[EventDate "2018.??.??"]
[WhiteTeam "ŠK Zagreb, Zagreb"]
[BlackTeam "ŠK Dubrovnik, Dubrovnik"]

1. e4 c5 2. Nf3 e6 3. g3 Nc6 4. Bg2 Nf6 5. Qe2 e5 6. O-O Be7 7. c3 O-O 8. d3 h6
9. Na3 Re8 10. Nc4 Bf8 11. Re1 d5 12. exd5 Nxd5 13. Qc2 Qc7 14. Bd2 Bf5 15. Nh4
Be6 16. Nf3 Bf5 17. Nh4 Be6 18. Re2 Be7 19. Nf3 Bf6 20. Rae1 Bg4 21. h3 Bh5 22.
g4 Bg6 23. Nfxe5 Ndb4 24. cxb4 Nd4 25. Qd1 Nxe2+ 26. Rxe2 Bxe5 27. Nxe5 Rxe5
28. Bf4 Rae8 29. Rxe5 Rxe5 30. bxc5 Qxc5 31. Bxe5 Qxe5 32. d4 Qc7 33. d5 Qd6
34. Qd4 a6 35. b4 Kf8 36. a4 f6 37. a5 Bf7 38. Qc5 Ke7 39. Be4 g6 40. Kg2 Kd7
41. Bf3 Qe5 42. d6 Qxd6 43. Qxd6+ Kxd6 44. Kg3 Bd5 45. Be2 Ke5 46. f4+ Kd4 47.
g5 hxg5 48. fxg5 fxg5 49. b5 axb5 50. Bxb5 Kc5 51. Bf1 Kb4 52. a6 bxa6 1/2-1/2

[Event "27. ekipno prvenstvo RH"]
[Site "Biograd na Moru"]
[Date "2018.09.16"]
[Round "9.24"]
[White "Bender, Ivan"]
[Black "Kozul, Zdenko"]
[Result "0-1"]
[WhiteElo "2261"]
[BlackElo "2600"]
[PlyCount "82"]
[EventDate "2018.??.??"]
[WhiteTeam "ŠK Dubrovnik, Dubrovnik"]
[BlackTeam "ŠK Zagreb, Zagreb"]

1. d4 Nf6 2. Nf3 d6 3. Nc3 g6 4. e4 Bg4 5. Be2 Bg7 6. h3 Bxf3 7. Bxf3 Nc6 8. g3
Nd7 9. Ne2 e5 10. d5 Ne7 11. g4 O-O 12. Ng3 b5 13. Be3 Nb6 14. Be2 c6 15. dxc6
a6 16. O-O Nxc6 17. b3 Qc7 18. c4 b4 19. c5 dxc5 20. Bxc5 Rfd8 21. Qe1 a5 22.
Be3 Nd4 23. Rc1 Qe7 24. Kg2 Rd6 25. Rc5 Ne6 26. Qc1 Nxc5 27. Bxc5 Rc8 28. Bxd6
Qxd6 29. Rd1 Qb8 30. Qd2 Bf8 31. Ba6 Rc6 32. Qg5 Qc7 33. Rd2 Be7 34. Qe3 Kg7
35. Qe2 Bg5 36. Rb2 Bc1 37. Rb1 Rc2 38. Qb5 Nd7 39. Qa4 Nc5 40. Qb5 Qd6 41. Qf1
Bf4 0-1

[Event "27. ekipno prvenstvo RH"]
[Site "Biograd na Moru"]
[Date "2018.09.16"]
[Round "9.25"]
[White "Palac, Mladen"]
[Black "Separovic, Tomislav"]
[Result "1-0"]
[WhiteElo "2540"]
[BlackElo "2153"]
[PlyCount "57"]
[EventDate "2018.??.??"]
[WhiteTeam "ŠK Zagreb, Zagreb"]
[BlackTeam "ŠK Dubrovnik, Dubrovnik"]

1. c4 e6 2. Nc3 d5 3. d4 Nf6 4. cxd5 exd5 5. Bg5 Be7 6. e3 c6 7. Bd3 Nbd7 8.
Nge2 Nf8 9. f3 Nh5 10. Bxe7 Qxe7 11. Qd2 g6 12. O-O-O Be6 13. h3 O-O-O 14. Kb1
Kb8 15. e4 dxe4 16. fxe4 f5 17. exf5 Bxf5 18. Bxf5 gxf5 19. Rhf1 Ng7 20. d5
cxd5 21. Nxd5 Qe4+ 22. Ka1 Nfe6 23. Nec3 Qh4 24. Qe3 a6 25. Qb6 Rd7 26. Nb4
Rxd1+ 27. Rxd1 Nc7 28. Rd7 Qe1+ 29. Nb1 1-0

[Event "27. ekipno prvenstvo RH"]
[Site "Biograd na Moru"]
[Date "2018.09.16"]
[Round "9.26"]
[White "Ivankovic, Ivo"]
[Black "Zelcic, Robert"]
[Result "1/2-1/2"]
[WhiteElo "2110"]
[BlackElo "2520"]
[PlyCount "170"]
[EventDate "2018.??.??"]
[WhiteTeam "ŠK Dubrovnik, Dubrovnik"]
[BlackTeam "ŠK Zagreb, Zagreb"]

1. c4 Nf6 2. Nf3 e6 3. g3 a6 4. Bg2 b5 5. O-O bxc4 6. Ne5 d5 7. Nxc4 Be7 8. d4
O-O 9. Ne5 Bb7 10. b3 Nbd7 11. Nd3 Ne4 12. Ba3 c5 13. Bxe4 dxe4 14. Nxc5 Nxc5
15. Bxc5 e3 16. Bxe7 exf2+ 17. Rxf2 Qxe7 18. Nd2 e5 19. dxe5 Rfd8 20. Qc1 Qxe5
21. Nf3 Qe7 22. Qf4 f6 23. Re1 Be4 24. Nd2 Bb7 25. e4 Rd4 26. Rfe2 Rad8 27. Nf3
Rd3 28. Re3 Qc5 29. Kg2 R3d6 30. R1e2 g5 31. Qg4 Qc6 32. Qh5 R6d7 33. h4 Rg7
34. hxg5 fxg5 35. Ne5 Qe6 36. Ng4 Rg6 37. Nf2 Qf6 38. Qf3 Qg7 39. Qf5 Rf8 40.
Qc5 h5 41. Rd2 Rgf6 42. Nh3 Rf5 43. Qd4 Re5 44. Kh2 Rfe8 45. Qc4+ Kh8 46. Rf2
R5e7 47. Rf5 Rxe4 48. Rxe4 Bxe4 49. Rf2 Qa1 50. Qf1 Qxf1 51. Rxf1 g4 52. Nf4
Rc8 53. Re1 Bf3 54. a4 Rc2+ 55. Kg1 h4 56. Ng6+ Kg7 57. Nxh4 Ba8 58. Re7+ Kf6
59. Ra7 Be4 60. Rxa6+ Ke5 61. b4 Ra2 62. a5 Rb2 63. Rb6 Kd4 64. Rd6+ Ke3 65.
Rd1 Rxb4 66. Ra1 Ba8 67. a6 Rb3 68. a7 Ke2 69. Ra2+ Kd3 70. Ra1 Rb2 71. Rd1+
Ke2 72. Ra1 Kd2 73. Nf5 Rb3 74. Ra2+ Kd3 75. Kf2 Rb7 76. Ra3+ Kd2 77. Ra2+ Kc3
78. Ra3+ Kb4 79. Rd3 Kc5 80. Rd4 Rb2+ 81. Ke3 Ra2 82. Rxg4 Rxa7 83. Rd4 Ra3+
84. Rd3 Rxd3+ 85. Kxd3 Kd5 1/2-1/2

[Event "27. ekipno prvenstvo RH"]
[Site "Biograd na Moru"]
[Date "2018.09.16"]
[Round "9.32"]
[White "Georgiev, Kiril"]
[Black "Nguyen, Thai Dai Van"]
[Result "1/2-1/2"]
[WhiteElo "2590"]
[BlackElo "2537"]
[PlyCount "21"]
[EventDate "2018.??.??"]
[WhiteTeam "ŠK Vukovar '91, Vukovar"]
[BlackTeam "ŠK Đakovo Lim-Mont, Đakovo"]

1. Nf3 Nf6 2. c4 e6 3. g3 d5 4. b3 Be7 5. Bb2 O-O 6. Bg2 b6 7. O-O Bb7 8. e3
dxc4 9. bxc4 c5 10. Qe2 Nc6 11. Rd1 1/2-1/2

[Event "27. ekipno prvenstvo RH"]
[Site "Biograd na Moru"]
[Date "2018.09.16"]
[Round "9.41"]
[White "Postny, Evgeny"]
[Black "Tomashevsky, Evgeny"]
[Result "1/2-1/2"]
[WhiteElo "2621"]
[BlackElo "2702"]
[PlyCount "116"]
[EventDate "2018.??.??"]
[WhiteTeam "ŠK Sljeme-Agroproteinka, Sesvete"]
[BlackTeam "ŠK Liburnija, Rijeka"]

1. d4 Nf6 2. c4 e6 3. Nf3 d5 4. g3 Be7 5. Bg2 O-O 6. O-O dxc4 7. Qc2 b6 8. Bg5
Nd5 9. Bxe7 Qxe7 10. Ne5 Bb7 11. Qxc4 c5 12. Nc3 Nxc3 13. Qxc3 cxd4 14. Qxd4
Bxg2 15. Kxg2 Qb7+ 16. Kg1 Nc6 17. Qe4 Rfc8 18. Rac1 Na5 19. Qxb7 Nxb7 20. Rfd1
f6 21. Nc6 Kf8 22. b4 Ke8 23. Nd4 Ke7 24. f4 Nd8 25. f5 a5 26. bxa5 bxa5 27.
Kf2 a4 28. g4 Rab8 29. fxe6 g6 30. h4 Rxc1 31. Rxc1 Rb7 32. Rc4 Nxe6 33. Nxe6
Kxe6 34. Rxa4 Rb2 35. Kf3 h5 36. gxh5 gxh5 37. Kf4 Kf7 38. Ke3 Ke6 39. Kf4 Kf7
40. Kf5 Rb5+ 41. Ke4 Rb2 42. e3 Rd2 43. a3 Rh2 44. Kf5 Rf2+ 45. Rf4 Re2 46. Rf3
Ra2 47. e4 Re2 48. Kf4 Ke6 49. Rb3 Rf2+ 50. Kg3 Re2 51. Rb6+ Kf7 52. Kf4 Rf2+
53. Ke3 Rh2 54. a4 Rxh4 55. a5 Rh3+ 56. Kf4 Ra3 57. a6 Ra5 58. Rc6 Ra4 1/2-1/2